Estructura y función del sistema nervioso : recepción sensorial y estados del organismo /

Obra en que se revisan simultáneamente la estructura del sistema nervioso y las funciones de éste que sirven de base a diversas manifestaciones conductuales. De esta manera, se examinan tanto los diversos estados por los que pasa un organismo como sus actividades de tipo discriminativo durante la re...

Olles dieđut

Furkejuvvon:
Bibliográfalaš dieđut
Váldodahkki: Alcaraz Romero, Víctor Manuel (autor)
Materiálatiipa: Girji
Giella:espánnjágiella
Almmustuhtton: Guadalajara, México : Universidad de Guadalajara, Instituto de Neurociencias, 2000, c2000
Fáttát:
Fáddágilkorat: Lasit fáddágilkoriid
Eai fáddágilkorat, Lasit vuosttaš fáddágilkora!

MARC

LEADER 00000nam^a2200000^a^4500
001 000129788
005 20250521000000.0
009 20260310094924.039
020 |a 968-895-872-7 
037 |a Acervo ITESO - Biblioteca 
041 |a ESP 
082 |a 612. 8  |b ALC 
100 |a Alcaraz Romero, Víctor Manuel  |e (autor) 
245 1 0 |a Estructura y función del sistema nervioso :  |b recepción sensorial y estados del organismo /  |c V.M. Alcaraz Romero. 
264 4 |a Guadalajara, México :  |b Universidad de Guadalajara, Instituto de Neurociencias,  |c 2000, c2000 
300 |a 263 p. 
336 |a texto  |b txt  |2 rdacontenido 
337 |a sin mediación  |b n  |2 rdamedio 
338 |a volumen  |b nc  |2 rdasoporte 
520 |a Obra en que se revisan simultáneamente la estructura del sistema nervioso y las funciones de éste que sirven de base a diversas manifestaciones conductuales. De esta manera, se examinan tanto los diversos estados por los que pasa un organismo como sus actividades de tipo discriminativo durante la recepción de estímulos externos o internos. 
649 |a XX 
650 |a Percepción 
650 |a Sentidos y Sensaciones 
650 |a Sistema Nervioso 
650 |a Neuroanatomía 
650 |a Neurología 
650 |a Fisiología 
650 |a Neurociencias 
650 |a Psicología Fisiológica 
910 |a Fondo General 
920 |a Impresos - Libros 
930 |a Colección General 
905 |a 101 
901 |a 0500059850  |b IT1  |c ACC  |u 20250521 
902 |a https://opac.biblio.iteso.mx/vufind/Record/000129788